ARRUPE JESUIT UNIVERSITY

CORONAVIRUS -STOP THE SPREAD - CLEAN,DISINFECT,COVER

The remarkable baobab / (Record no. 124752)

MARC details
000 -LEADER
fixed length control field 01201cam a22003257a 4500
001 - CONTROL NUMBER
control field 13862058
003 - CONTROL NUMBER IDENTIFIER
control field ARRUPE
005 - DATE AND TIME OF LATEST TRANSACTION
control field 20160504121120.0
008 - FIXED-LENGTH DATA ELEMENTS--GENERAL INFORMATION
fixed length control field 050204s2004 sa a b 001 0 eng d
010 ## - LIBRARY OF CONGRESS CONTROL NUMBER
LC control number 2005352589
020 ## - INTERNATIONAL STANDARD BOOK NUMBER
International Standard Book Number 1868422011
035 ## - SYSTEM CONTROL NUMBER
System control number (OCoLC)ocm57036392
040 ## - CATALOGING SOURCE
Original cataloging agency K3N
Transcribing agency K3N
Modifying agency DLC
042 ## - AUTHENTICATION CODE
Authentication code lccopycat
-- pcc
050 00 - LIBRARY OF CONGRESS CALL NUMBER
Classification number QK495.B7
Item number P35 2004
082 04 - DEWEY DECIMAL CLASSIFICATION NUMBER
Classification number 583.68
Edition number 22
300 ## - PHYSICAL DESCRIPTION
Other physical details ill. ;
Dimensions 24 cm.
100 1# - MAIN ENTRY--PERSONAL NAME
Personal name Pakenham, Thomas,
Dates associated with a name 1933-
9 (RLIN) 24214
245 14 - TITLE STATEMENT
Title The remarkable baobab /
Statement of responsibility, etc Thomas Pakenham.
250 ## - EDITION STATEMENT
Edition statement 1st ed.
260 ## - PUBLICATION, DISTRIBUTION, ETC. (IMPRINT)
Place of publication, distribution, etc Jeppestown [South Africa] :
Name of publisher, distributor, etc Jonathan Ball,
Date of publication, distribution, etc 2004.
300 ## - PHYSICAL DESCRIPTION
Extent 142 p.;
500 ## - GENERAL NOTE
General note The author in marvelling the gigantic nature of the Baobab tree also brings out its association with many myths and legends such as being the homes of African ancestral spirits.
504 ## - BIBLIOGRAPHY, ETC. NOTE
Bibliography, etc Includes bibliographical references (p. 137) and index.
650 #0 - SUBJECT ADDED ENTRY--TOPICAL TERM
Topical term or geographic name as entry element Baobab
Form subdivision Pictorial works.
9 (RLIN) 24215
650 #0 - SUBJECT ADDED ENTRY--TOPICAL TERM
Topical term or geographic name as entry element Baobab
General subdivision Folklore.
9 (RLIN) 24216
650 #0 - SUBJECT ADDED ENTRY--TOPICAL TERM
Topical term or geographic name as entry element Baobab
General subdivision History.
9 (RLIN) 24217
906 ## - LOCAL DATA ELEMENT F, LDF (RLIN)
a 7
b cbc
c copycat
d 3
e ncip
f 20
g y-gencatlg
942 ## - ADDED ENTRY ELEMENTS (KOHA)
Source of classification or shelving scheme Library of Congress Classification
Koha item type Monograph ( Printed materials)
Holdings
Withdrawn status Lost status Source of classification or shelving scheme Damaged status Not for loan Collection code Home library Current library Shelving location Date acquired Total Checkouts Full call number Barcode Date last seen Price effective from Koha item type
    Library of Congress Classification     Main Collection ARRUPE LIBRARY ARRUPE LIBRARY Main Collection 28/04/2016   QK495.B7P35 2004 46500006869 02/07/2019 28/04/2016 Monograph ( Printed materials)

 

Arrupe Library. PO Box MP320 Mt Pleasant, Harare, Zimbabwe
263 242 745411|librarian@aju.ac.zw